[Event "London Classic op U1825 11th"]
[Site "London"]
[Date "2019.11.30"]
[Round "2"]
[White "Tuchilus, Iulian"]
[Black "Arora, Tashika"]
[Result "0-1"]
[WhiteElo "1734"]
[BlackElo "1549"]
[PlyCount "92"]
[EventDate "2019.11.29"]
[EventType "swiss"]
[EventRounds "5"]
[EventCountry "ENG"]
[SourceTitle "CBM 195 Extra"]
[Source "ChessBase"]
[SourceDate "2020.05.31"]
[SourceVersion "1"]
[SourceVersionDate "2020.05.31"]
[SourceQuality "1"]

1. e4 c5 2. Nf3 d6 3. d4 cxd4 4. Nxd4 Nf6 5. Nc3 g6 6. Be2 Bg7 7. 0-0 0-0 8. Be3 Nc6 9. Qd2 Nxd4 10. Bxd4 Bd7 11. f4 Bc6 12. Qe3 b6 13. Rad1 Qc7 14. e5 dxe5 15. Bxe5 Qb7 16. Bf3 Bxf3 17. Qxf3 Qxf3 18. Rxf3 Rfd8 19. Rfd3 Rxd3 20. Rxd3 e6 21. h3 Rc8 22. g4 Nd5 23. Nxd5 exd5 24. Bxg7 Kxg7 25. c3 Rc4 26. Rf3 d4 27. cxd4 Rxd4 28. Rf2 Kf6 29. Kg2 Rd3 30. Rc2 Ke6 31. Re2+ Kf6 32. Rc2 Ke6 33. Rc7 Rd7 34. Rxd7 Kxd7 35. Kg3 Kd6 36. Kf3 Kd5 37. Ke3 a6 38. Kd3 f6 39. h4 h6 40. Ke3 f5 41. h5 gxh5 42. gxf5 Kd6 43. b4 Ke7 44. a4 Kf6 45. Ke4 h4 46. Kd5 h3 0-1